000 00630nam a2200229Ia 4500
008 180523s9999 xx 000 0 und d
020 _a0-13-113562-7
050 _aMAIN LB 1049
050 _b.K54 2005
100 _aKiewra, Kenneth A.
245 0 _aLearn how to study and SOAR to success /
245 0 _cKenneth A. Kiewra.
260 _aSingapore :
260 _bPearson Education South Asia,
260 _c2005
300 _a200 pages :
300 _billustrations ;
300 _c23 cm.
500 _aIncludes bibliographical references and index.
650 _aStudy skills.
650 _xLearning strategies.
999 _c357316
_d357316